[Event "4NCL Division 2b"]
[Site "Birmingham, ENG ENG"]
[Date "2016.02.13"]
[Round "5.251"]
[White "Snape, Ian L"]
[Black "Eames, Robert S"]
[Result "1/2-1/2"]
[WhiteElo "2267"]
[BlackElo "2275"]
[PlyCount "70"]
[EventDate "2016.02.13"]
[WhiteTeam "The AD's"]
[BlackTeam "Hackney 1"]

1. e4 c5 2. Nf3 d6 3. d4 cxd4 4. Nxd4 Nf6 5. Nc3 g6 6. Be3 Bg7 7. f3 O-O 8. Qd2
Nc6 9. Bc4 Bd7 10. h4 h5 11. O-O-O Rc8 12. Bb3 Ne5 13. Bg5 Rc5 14. Kb1 b5 15.
g4 a5 16. Bxf6 Bxf6 17. gxh5 a4 18. Bd5 e6 19. hxg6 exd5 20. h5 Bg5 21. f4 Nc4
22. Qg2 Ne3 23. gxf7+ Rxf7 24. Qxg5+ Qxg5 25. fxg5 Nxd1 26. Rxd1 Rxc3 27. bxc3
dxe4 28. Kc1 e3 29. Rg1 Rf4 30. Re1 Re4 31. a3 Re5 32. Nf3 Re4 33. Nd4 Re5 34.
Nf3 Re4 35. Nd4 Re5 1/2-1/2

[Event "4NCL Division 2b"]
[Site "Birmingham, ENG ENG"]
[Date "2016.02.13"]
[Round "5.252"]
[White "Walker, Nicholas P"]
[Black "Rich, Mark C"]
[Result "1-0"]
[WhiteElo "2192"]
[BlackElo "2215"]
[PlyCount "81"]
[EventDate "2016.02.13"]
[WhiteTeam "Hackney 1"]
[BlackTeam "The AD's"]

1. c4 f5 2. Nf3 e6 3. b3 Nf6 4. Bb2 d6 5. g3 Be7 6. Bg2 O-O 7. O-O e5 8. d3 Qe8
9. Nc3 c6 10. c5 Na6 11. cxd6 Bxd6 12. a3 h6 13. e4 fxe4 14. dxe4 Bc7 15. Nh4
Bg4 16. Qc2 Nc5 17. Nb5 cxb5 18. Qxc5 Bb6 19. Qxe5 Be2 20. Qxe8 Nxe8 21. e5
Bxf1 22. Bd5+ Kh7 23. Be4+ Kg8 24. Rxf1 Rd8 25. Nf5 Rd2 26. Bc3 Rxf2 27. Rxf2
Bxf2+ 28. Kxf2 g6 29. Bb4 Rxf5+ 30. Bxf5 gxf5 31. Kf3 Kf7 32. Bd2 Ke6 33. Bxh6
Kxe5 34. Be3 a5 35. h4 Nf6 36. Bd2 b4 37. axb4 axb4 38. Bxb4 Ne4 39. h5 Kf6 40.
Kf4 Kf7 41. g4 1-0

[Event "4NCL Division 2b"]
[Site "Birmingham, ENG ENG"]
[Date "2016.02.13"]
[Round "5.253"]
[White "Richardson, John R"]
[Black "Bowmer, Kevin"]
[Result "1-0"]
[WhiteElo "2267"]
[BlackElo "2132"]
[PlyCount "63"]
[EventDate "2016.02.13"]
[WhiteTeam "The AD's"]
[BlackTeam "Hackney 1"]

1. d4 Nf6 2. c4 g6 3. g3 Bg7 4. Bg2 O-O 5. Nc3 d6 6. Nf3 Nc6 7. O-O a6 8. b3
Rb8 9. Nd5 Nd7 10. Bb2 e6 11. Nf4 Re8 12. Qd2 b5 13. Rac1 Bb7 14. d5 Nce5 15.
Nd4 Nc5 16. dxe6 Nxe6 17. Nfxe6 fxe6 18. Bh3 Bc8 19. cxb5 axb5 20. Qa5 Rb6 21.
Qa8 d5 22. f4 Nd7 23. Nxe6 Rbxe6 24. Bxe6+ Rxe6 25. Qxd5 Qe8 26. Rxc7 Bxb2 27.
Rxc8 Qxc8 28. Qxe6+ Kg7 29. f5 Qc5+ 30. Kg2 Nf6 31. fxg6 hxg6 32. Rf4 1-0

[Event "4NCL Division 2b"]
[Site "Birmingham, ENG ENG"]
[Date "2016.02.13"]
[Round "5.254"]
[White "Tasker, Michael W"]
[Black "Swindells, Jonathan E"]
[Result "1/2-1/2"]
[WhiteElo "1997"]
[BlackElo "2260"]
[PlyCount "88"]
[EventDate "2016.02.13"]
[WhiteTeam "Hackney 1"]
[BlackTeam "The AD's"]

1. Nf3 Nf6 2. c4 g6 3. Nc3 Bg7 4. e4 d6 5. d4 O-O 6. Be2 e5 7. O-O Nc6 8. d5
Ne7 9. b4 Ne8 10. Nd2 f5 11. c5 Kh8 12. a4 Ng8 13. Nc4 Ngf6 14. f3 Nh5 15. Be3
f4 16. Bf2 Qg5 17. Re1 Rf6 18. Rc1 Ng3 19. Qd3 Qh4 20. cxd6 cxd6 21. Ne3 g5 22.
Nf1 Nxe2+ 23. Rxe2 Qh5 24. h3 a6 25. Bb6 Qf7 26. Nh2 h5 27. Rf2 Bd7 28. a5 Rh6
29. Nd1 Bf6 30. Rfc2 g4 31. fxg4 hxg4 32. Nxg4 Bxg4 33. hxg4 Qh7 34. Nf2 Qd7
35. Qf3 Bh4 36. Nh3 Rg6 37. g5 Kg7 38. Qh5 Bg3 39. Nf2 Qe7 40. Nh3 Qd7 41. Qe2
Bh4 42. Rc3 Bg3 43. R3c2 Kf8 44. Qh5 Kg7 1/2-1/2

[Event "4NCL Division 2b"]
[Site "Birmingham, ENG ENG"]
[Date "2016.02.13"]
[Round "5.255"]
[White "Wheeler, Darren P"]
[Black "Yurenok, Maria S"]
[Result "1-0"]
[WhiteElo "2215"]
[BlackElo "1975"]
[PlyCount "107"]
[EventDate "2016.02.13"]
[WhiteTeam "The AD's"]
[BlackTeam "Hackney 1"]

1. e4 c5 2. f4 d5 3. Nc3 dxe4 4. Nxe4 Nd7 5. Nf3 Ngf6 6. d3 g6 7. Qe2 Qc7 8. g3
Bg7 9. Bg2 O-O 10. O-O e6 11. c4 a6 12. Rb1 Ra7 13. b3 b6 14. Bb2 Bb7 15. Nf2
Rd8 16. Ne5 Bxg2 17. Kxg2 Nb8 18. Ne4 Nxe4 19. Qxe4 Rd6 20. Rfd1 Nc6 21. Nxc6
Qxc6 22. Qxc6 Rxc6 23. Bxg7 Kxg7 24. d4 cxd4 25. Rxd4 b5 26. Kf3 h5 27. Ke4
Rac7 28. Kd3 Kf6 29. Re1 Rc5 30. Ree4 R7c6 31. Rd7 bxc4+ 32. Rxc4 Rxc4 33. bxc4
Rc5 34. Kc3 Ra5 35. Kb3 h4 36. a4 hxg3 37. hxg3 g5 38. Kb4 Rf5 39. fxg5+ Rxg5
40. c5 Rg4+ 41. Ka5 Rc4 42. Kb6 e5 43. c6 e4 44. Rd8 e3 45. Re8 Rb4+ 46. Kc5
Rb3 47. c7 Rc3+ 48. Kb6 e2 49. Rxe2 Rb3+ 50. Kxa6 Rc3 51. Kb7 Rb3+ 52. Kc8 Rxg3
53. Rb2 Ke7 54. Kb7 1-0

[Event "4NCL Division 2b"]
[Site "Birmingham, ENG ENG"]
[Date "2016.02.13"]
[Round "5"]
[White "Booth, Richard"]
[Black "Anderton, David W"]
[Result "1/2-1/2"]
[WhiteElo "2005"]
[BlackElo "2132"]
[PlyCount "79"]
[EventDate "2016.02.13"]
[WhiteTeam "Hackney 1"]
[BlackTeam "The AD's"]

1. e4 e6 2. d4 d5 3. Nd2 Nc6 4. Ngf3 Nf6 5. e5 Nd7 6. Bb5 a6 7. Bxc6 bxc6 8.
Nb3 c5 9. dxc5 Nxc5 10. Bg5 Qd7 11. Nxc5 Bxc5 12. Nd4 O-O 13. O-O Bb6 14. b4 a5
15. a3 Ba6 16. Re1 Bc4 17. c3 c5 18. bxc5 Bxc5 19. Re3 Be7 20. Qg4 Bxg5 21.
Qxg5 f6 22. Qg4 f5 23. Qg5 Rab8 24. f4 Rb6 25. g4 fxg4 26. Qxg4 g6 27. h4 Qf7
28. Rf3 Kh8 29. Rd1 Rfb8 30. Kh1 Ba2 31. Rf2 Bb1 32. Kh2 Be4 33. Qg5 Rb1 34.
Rxb1 Rxb1 35. Qd8+ Kg7 36. Qd6 Rh1+ 37. Kg3 Rg1+ 38. Kh2 Rh1+ 39. Kg3 Rg1+ 40.
Kh2 1/2-1/2

[Event "4NCL Division 2b"]
[Site "Birmingham, ENG ENG"]
[Date "2016.02.13"]
[Round "5.1"]
[White "Bellin, Jana M"]
[Black "Balloglu, Piro"]
[Result "1/2-1/2"]
[WhiteElo "2102"]
[BlackElo "1949"]
[PlyCount "28"]
[EventDate "2016.02.13"]
[WhiteTeam "The AD's"]
[BlackTeam "Hackney 1"]

1. d4 d5 2. Nf3 Nf6 3. Bf4 Bf5 4. e3 e6 5. Be2 Bd6 6. Bxd6 Qxd6 7. O-O Nbd7 8.
c4 h5 9. Nc3 c6 10. Re1 Ne4 11. Nxe4 dxe4 12. Nd2 g5 13. c5 Qc7 14. Nc4 Nf6
1/2-1/2

[Event "4NCL Division 2b"]
[Site "Birmingham, ENG ENG"]
[Date "2016.02.13"]
[Round "5.2"]
[White "Burgoyne, Peter A"]
[Black "Selway, Richard P"]
[Result "1/2-1/2"]
[WhiteElo "1780"]
[BlackElo "2110"]
[PlyCount "81"]
[EventDate "2016.02.13"]
[WhiteTeam "Hackney 1"]
[BlackTeam "The AD's"]

1. e4 c5 2. c3 d5 3. exd5 Nf6 4. Nf3 Nxd5 5. d4 e6 6. Bd3 cxd4 7. cxd4 Bb4+ 8.
Bd2 Bxd2+ 9. Qxd2 Nc6 10. Nc3 O-O 11. O-O Nce7 12. Rfe1 b6 13. Nxd5 Nxd5 14.
Ng5 h6 15. Nf3 Bb7 16. Rac1 Qe7 17. a3 Rfd8 18. Ne5 Rac8 19. Bb5 Qd6 20. Bd3
Nf6 21. Rxc8 Rxc8 22. Nc4 Qd5 23. Ne3 Qd7 24. Nc2 Rd8 25. f3 Bc6 26. Bc4 Bd5
27. Bxd5 Qxd5 28. Qc3 Qd6 29. Qe3 Nd5 30. Qe5 Ne7 31. Qxd6 Rxd6 32. Kf2 Rc6 33.
Re2 Kf8 34. Rd2 Ke8 35. Nb4 Rd6 36. g4 Kd7 37. Ke3 a5 38. Nd3 Nc6 39. Nf2 Rd5
40. Ne4 Ke7 41. Nc3 1/2-1/2

[Event "4NCL Division 2b"]
[Site "Birmingham, ENG ENG"]
[Date "2016.02.13"]
[Round "5.5"]
[White "Smith, Andrew Philip"]
[Black "Lewis, Andrew P"]
[Result "1/2-1/2"]
[WhiteElo "2118"]
[BlackElo "2298"]
[PlyCount "41"]
[EventDate "2016.02.13"]
[WhiteTeam "Cambridge University 2"]
[BlackTeam "Anglian Avengers 1"]

1. e4 c5 2. Nf3 Nc6 3. d4 cxd4 4. Nxd4 Nf6 5. Nc3 d6 6. Bg5 e6 7. Be2 Be7 8.
O-O O-O 9. Qd2 h6 10. Be3 e5 11. Nb3 a5 12. a4 Nb4 13. Rad1 Ng4 14. Bxg4 Bxg4
15. f3 Be6 16. Qf2 Qc8 17. Bb6 Ra6 18. Bxa5 Rxa5 19. Nxa5 d5 20. Kh1 d4 21. Nd5
1/2-1/2

[Event "4NCL Division 2b"]
[Site "Birmingham, ENG ENG"]
[Date "2016.02.13"]
[Round "5.6"]
[White "Spence, David J"]
[Black "Kalavannan, Koby"]
[Result "1-0"]
[WhiteElo "2312"]
[BlackElo "2080"]
[PlyCount "129"]
[EventDate "2016.02.13"]
[WhiteTeam "Anglian Avengers 1"]
[BlackTeam "Cambridge University 2"]

1. e4 c5 2. c3 Nf6 3. e5 Nd5 4. d4 cxd4 5. cxd4 Nc6 6. Nf3 d6 7. Bc4 Nb6 8. Bb3
d5 9. Nh4 e6 10. Nf3 Be7 11. Nc3 a6 12. O-O Bd7 13. Bc2 Rc8 14. Re1 Nc4 15. g3
b5 16. h4 h6 17. h5 Qa5 18. Ne2 Kd8 19. Nf4 Kc7 20. Bd3 Kb7 21. Bf1 Na7 22. a3
Rc7 23. Nd3 Qb6 24. b3 Na5 25. Nc5+ Ka8 26. b4 Nc4 27. Nd2 Bxc5 28. dxc5 Qb8
29. Nxc4 bxc4 30. Qg4 Rg8 31. Bg2 Bc6 32. a4 Qxb4 33. Bxh6 g6 34. Be3 Rb7 35.
h6 Bxa4 36. Bg5 Rh8 37. Qh4 Nc6 38. Bf6 Rh7 39. Bg7 Bb5 40. Qf6 Qxc5 41. Bh3
Qe7 42. Qf4 Nb4 43. Qd2 Rc7 44. Reb1 c3 45. Qd4 Nc2 46. Rxa6+ Bxa6 47. Qa4 Ka7
48. Qxc2 Qg5 49. Ra1 Qd8 50. Bf1 Rc6 51. Bxa6 Rxa6 52. Qxc3 Rxa1+ 53. Qxa1+ Kb7
54. Qa4 Qc8 55. Qb4+ Ka6 56. Qa3+ Kb5 57. Qe7 Qg8 58. Bf8 Rh8 59. Qb7+ Ka5 60.
Bb4+ Ka4 61. Bd6 Ka5 62. Qb4+ Ka6 63. Bc7 Ka7 64. Qb6+ Ka8 65. Qa6# 1-0

[Event "4NCL Division 2b"]
[Site "Birmingham, ENG ENG"]
[Date "2016.02.13"]
[Round "5.7"]
[White "Pickard, Charles"]
[Black "Talsma, Paul"]
[Result "1/2-1/2"]
[WhiteElo "2133"]
[BlackElo "2237"]
[PlyCount "48"]
[EventDate "2016.02.13"]
[WhiteTeam "Cambridge University 2"]
[BlackTeam "Anglian Avengers 1"]

1. d4 f5 2. g3 Nf6 3. Bg2 g6 4. c4 Bg7 5. Nf3 d6 6. O-O O-O 7. Nc3 Qe8 8. d5 a5
9. Nd4 Na6 10. b3 Bd7 11. Bb2 Nc5 12. Qc2 c6 13. Rad1 Rc8 14. e3 Qf7 15. Nde2
g5 16. Qd2 Qh5 17. f3 Qg6 18. Qc2 cxd5 19. Nxd5 Nxd5 20. Rxd5 b5 21. Bxg7 Qxg7
22. cxb5 Be6 23. Rdd1 Nxb3 24. Qb1 Nc5 1/2-1/2

[Event "4NCL Division 2b"]
[Site "Birmingham, ENG ENG"]
[Date "2016.02.13"]
[Round "5.8"]
[White "Moore, Graham J"]
[Black "Spencer, Carl J"]
[Result "1-0"]
[WhiteElo "2207"]
[BlackElo "2120"]
[PlyCount "57"]
[EventDate "2016.02.13"]
[WhiteTeam "Anglian Avengers 1"]
[BlackTeam "Cambridge University 2"]

1. e4 e5 2. Nc3 Nf6 3. f4 d5 4. fxe5 Nxe4 5. Qf3 Nxc3 6. dxc3 Qh4+ 7. g3 Qe4+
8. Qxe4 dxe4 9. Bf4 Be7 10. Bg2 Bf5 11. Ne2 c5 12. O-O Nc6 13. Rae1 Rc8 14. Bh6
g6 15. Nf4 e3 16. Rxe3 Bxc2 17. Nd5 Bf5 18. Bg7 Rg8 19. Bf6 Bf8 20. Rd1 Bd7 21.
Bg5 Bg7 22. Nf6+ Bxf6 23. exf6+ Be6 24. Bxc6+ Rxc6 25. Bf4 g5 26. Red3 Rc8 27.
Bc7 Rg6 28. Rd8+ Rxd8 29. Rxd8# 1-0

[Event "4NCL Division 2b"]
[Site "Birmingham, ENG ENG"]
[Date "2016.02.13"]
[Round "5.9"]
[White "Brau, Julio"]
[Black "Bayford, Jim R"]
[Result "1-0"]
[WhiteElo "2076"]
[BlackElo "2132"]
[PlyCount "63"]
[EventDate "2016.02.13"]
[WhiteTeam "Cambridge University 2"]
[BlackTeam "Anglian Avengers 1"]

1. e4 e6 2. d4 d5 3. e5 c5 4. c3 Nc6 5. Nf3 Bd7 6. Be2 f6 7. O-O Qc7 8. Re1
O-O-O 9. Bf1 Nge7 10. exf6 gxf6 11. dxc5 e5 12. b4 Bg4 13. Be2 d4 14. b5 Na5
15. cxd4 Nf5 16. Qc2 Kb8 17. dxe5 Bxc5 18. Nc3 Rhg8 19. Bf4 Rc8 20. Rac1 Bh3
21. Bf1 Rxg2+ 22. Bxg2 Rg8 23. Bg3 Nxg3 24. hxg3 Rxg3 25. Nh4 Bxg2 26. Nxg2 Rg8
27. Qe4 Qb6 28. Qf3 Nc4 29. Nd5 Qxb5 30. exf6 Bd6 31. f7 Rc8 32. Re8 1-0

[Event "4NCL Division 2b"]
[Site "Birmingham, ENG ENG"]
[Date "2016.02.13"]
[Round "5.10"]
[White "Gregory, Stephen J"]
[Black "Robertson, J Stuart"]
[Result "0-1"]
[WhiteElo "2117"]
[BlackElo "2094"]
[PlyCount "77"]
[EventDate "2016.02.13"]
[WhiteTeam "Anglian Avengers 1"]
[BlackTeam "Cambridge University 2"]

1. e4 c5 2. Nf3 Nc6 3. d3 g6 4. g3 Bg7 5. Bg2 d6 6. O-O e5 7. c3 Nge7 8. a3 O-O
9. b4 h6 10. Nbd2 a6 11. Nb3 b6 12. Re1 Kh7 13. Nfd2 Be6 14. Nc4 Rb8 15. Ne3
Qd7 16. Nd5 Bh3 17. Bh1 Nxd5 18. exd5 Ne7 19. Qc2 Rbc8 20. Bb2 f5 21. bxc5 bxc5
22. Nd2 f4 23. Nc4 Rcd8 24. Bc1 Rf7 25. Rb1 Rdf8 26. Re2 h5 27. Rb6 Nc8 28.
Rxa6 h4 29. Ra8 hxg3 30. Rxc8 gxf2+ 31. Kxf2 Rxc8 32. Nb6 Qd8 33. Nxc8 Qh4+ 34.
Kg1 f3 35. Nxd6 fxe2 36. Qxe2 Rf1+ 37. Qxf1 Bxf1 38. Ne4 Bxd3 39. Ng3 0-1

[Event "4NCL Division 2b"]
[Site "Birmingham, ENG ENG"]
[Date "2016.02.13"]
[Round "5.11"]
[White "Kueh, Audrey"]
[Black "Wooldridge, Leon M"]
[Result "1-0"]
[WhiteElo "2071"]
[BlackElo "2110"]
[PlyCount "83"]
[EventDate "2016.02.13"]
[WhiteTeam "Cambridge University 2"]
[BlackTeam "Anglian Avengers 1"]

1. e4 c5 2. Nf3 e6 3. c3 d5 4. exd5 exd5 5. d4 Nc6 6. Be3 cxd4 7. Nxd4 Bd6 8.
Bb5 Nge7 9. Nd2 O-O 10. N2f3 Bg4 11. Be2 Qd7 12. O-O Rae8 13. Qd2 Nxd4 14. Nxd4
Bxe2 15. Nxe2 Nf5 16. Bxa7 Qc7 17. Nd4 Bxh2+ 18. Kh1 Bf4 19. Qd3 Nxd4 20. Bxd4
Qd7 21. Rae1 Re6 22. Rxe6 Qxe6 23. Qf3 Qh6+ 24. Qh3 Qxh3+ 25. gxh3 Re8 26. Kg2
Re6 27. Rd1 Bc7 28. Be3 Rd6 29. Rd4 f5 30. Bf4 Rg6+ 31. Kf3 Bxf4 32. Kxf4 Rg2
33. Kf3 Rg1 34. Rxd5 g6 35. Rb5 h5 36. a4 Kf7 37. h4 f4 38. Rxb7+ Kf6 39. a5 g5
40. hxg5+ Rxg5 41. b4 h4 42. Rh7 1-0

[Event "4NCL Division 2b"]
[Site "Birmingham, ENG ENG"]
[Date "2016.02.13"]
[Round "5.12"]
[White "Cocks, Elliot"]
[Black "Chan, Nevil"]
[Result "1/2-1/2"]
[WhiteElo "1892"]
[BlackElo "2039"]
[PlyCount "67"]
[EventDate "2016.02.13"]
[WhiteTeam "Anglian Avengers 1"]
[BlackTeam "Cambridge University 2"]

1. d4 b6 2. c4 Bb7 3. Nc3 e6 4. Nf3 Nf6 5. g3 Be7 6. Bg2 Ne4 7. Nxe4 Bxe4 8.
O-O O-O 9. b3 d6 10. Bb2 Bf6 11. Rc1 Nd7 12. h4 Qc8 13. Qd2 Qb7 14. Rfd1 Rad8
15. Bc3 Rfe8 16. Qb2 e5 17. d5 a5 18. a3 Nc5 19. Nd2 Bxg2 20. Kxg2 Qc8 21. Qc2
Qg4 22. b4 axb4 23. axb4 Nd7 24. Qe4 Qxe4+ 25. Nxe4 Be7 26. Bb2 Ra8 27. Ra1
Reb8 28. Nc3 Nf6 29. Nb5 Ne8 30. Na7 Kf8 31. Nc6 Rc8 32. Na7 Rcb8 33. Nc6 Rc8
34. Na7 1/2-1/2

[Event "4NCL Division 2b"]
[Site "Birmingham, ENG ENG"]
[Date "2016.02.13"]
[Round "5.16"]
[White "Tavoularis, Nicholas"]
[Black "Ball, Laurence"]
[Result "1/2-1/2"]
[WhiteElo "2282"]
[BlackElo "2099"]
[PlyCount "85"]
[EventDate "2016.02.13"]
[WhiteTeam "North East England"]
[BlackTeam "KJCA Kings"]

1. e4 d5 2. exd5 Qxd5 3. Nf3 Nf6 4. d4 a6 5. c4 Qd8 6. Qb3 g6 7. Be2 Bg7 8. O-O
O-O 9. Nc3 Nbd7 10. h3 c5 11. d5 Ne8 12. Bf4 Nd6 13. Rfd1 Qa5 14. Rac1 Rb8 15.
Na4 b5 16. cxb5 c4 17. Qc2 axb5 18. Nc3 Nc5 19. Nd4 Bxd4 20. Rxd4 Bf5 21. Qd2
Nd3 22. Bxd3 Bxd3 23. Bxd6 exd6 24. Qh6 f5 25. Re1 Qa7 26. Qh4 Qg7 27. f3 b4
28. Na4 Rfe8 29. Re6 Rxe6 30. dxe6 g5 31. Qf2 Qe5 32. b3 Qxe6 33. bxc4 Bxc4 34.
Qd2 f4 35. Re4 Qd5 36. Rd4 Qe6 37. Re4 Qd5 38. Qe1 Bxa2 39. Rxb4 Rxb4 40. Qxb4
Bb3 41. Kh2 Bxa4 42. Qxa4 Qe5 43. Qd7 1/2-1/2

[Event "4NCL Division 2b"]
[Site "Birmingham, ENG ENG"]
[Date "2016.02.13"]
[Round "5.17"]
[White "Golding, James"]
[Black "Oates, David"]
[Result "1/2-1/2"]
[WhiteElo "2037"]
[BlackElo "2146"]
[PlyCount "99"]
[EventDate "2016.02.13"]
[WhiteTeam "KJCA Kings"]
[BlackTeam "North East England"]

1. d4 d6 2. c4 e5 3. dxe5 dxe5 4. Qxd8+ Kxd8 5. Nf3 f6 6. g3 Be6 7. Bg2 c6 8.
b3 Na6 9. O-O Nc5 10. Bb2 Nh6 11. Nbd2 a5 12. Bc3 Nf5 13. Ne1 h5 14. e4 Nh6 15.
h3 h4 16. f4 hxg3 17. fxe5 Nd7 18. exf6 Bc5+ 19. Kh1 gxf6 20. Nd3 Ng4 21. Nxc5
Nxc5 22. Rxf6 Nxf6 23. Bxf6+ Kd7 24. Bxh8 Rxh8 25. Nf1 Bxh3 26. Bxh3+ Rxh3+ 27.
Kg2 Rh4 28. Nxg3 Nxe4 29. Nxe4 Rxe4 30. Rd1+ Kc7 31. Kf3 Re5 32. Rd2 Kb6 33.
Kf2 Kc5 34. Rd7 b6 35. Rd2 Kb4 36. Rd6 Rc5 37. Ke2 Ka3 38. Kd2 Kxa2 39. Kc3 Rh5
40. Rxc6 Rh3+ 41. Kc2 Rxb3 42. c5 b5 43. Ra6 a4 44. c6 Rb4 45. Rb6 Rc4+ 46. Kd3
a3 47. Rxb5 Rxc6 48. Kd2 Rh6 49. Rb8 Rh2+ 50. Kc3 1/2-1/2

[Event "4NCL Division 2b"]
[Site "Birmingham, ENG ENG"]
[Date "2016.02.13"]
[Round "5.18"]
[White "Waters, Clive L"]
[Black "Anilkumar, Anantha P"]
[Result "1/2-1/2"]
[WhiteElo "2207"]
[BlackElo "2018"]
[PlyCount "246"]
[EventDate "2016.02.13"]
[WhiteTeam "North East England"]
[BlackTeam "KJCA Kings"]

1. e4 c5 2. Nf3 d6 3. Bb5+ Bd7 4. Bxd7+ Qxd7 5. O-O Nc6 6. Qe2 e6 7. Rd1 Nge7
8. d4 cxd4 9. Nxd4 Nxd4 10. Rxd4 Nc6 11. Rd1 Be7 12. c4 Qc7 13. Nc3 a6 14. Bf4
O-O 15. Rac1 Ne5 16. b3 Rac8 17. h3 Qa5 18. Qd2 Kh8 19. a4 f5 20. Be3 Rf7 21.
exf5 Rxf5 22. Ne4 Qxd2 23. Nxd2 Nd3 24. Rc3 Nf4 25. Bxf4 Rxf4 26. Rd3 Rc5 27.
f3 b5 28. axb5 axb5 29. Re1 bxc4 30. bxc4 e5 31. Rb1 Rd4 32. Rxd4 exd4 33. Kf1
Rc8 34. Ke2 Rd8 35. Rb7 Bf6 36. Kd3 h6 37. Nb3 Kg8 38. f4 Ra8 39. Ke4 Ra2 40.
g4 Rc2 41. h4 Rxc4 42. g5 hxg5 43. hxg5 d3+ 44. Kxd3 Rxf4 45. gxf6 Rxf6 46. Nd2
d5 47. Kd4 Re6 48. Nb3 Kh7 49. Kc5 Kh6 50. Nd4 Re1 51. Kxd5 Rd1 52. Ke4 Re1+
53. Kf3 Rf1+ 54. Kg2 Rf6 55. Kg3 Kg6 56. Nf3 Ra6 57. Rd7 Kf6 58. Rd8 Ra3 59.
Rd6+ Kf5 60. Rd5+ Kf6 61. Kf4 Ra4+ 62. Nd4 Ra6 63. Rf5+ Kg6 64. Kg4 Ra4 65. Rf4
Rc4 66. Re4 Kf6 67. Re6+ Kf7 68. Rd6 Ke7 69. Rd5 Kf6 70. Kh5 g5 71. Rf5+ Ke7
72. Ne2 g4 73. Kg6 Kd6 74. Ng3 Ke6 75. Kg5 Rd4 76. Rf6+ Ke5 77. Ra6 Rd6 78. Ra3
Rd4 79. Ne2 Rc4 80. Nf4 Re4 81. Ra5+ Kd4 82. Kxg4 Ke3 83. Kg3 Re8 84. Nd5+ Kd4
85. Nf6 Rf8 86. Nh5 Rg8+ 87. Kf3 Rf8+ 88. Nf4 Rf7 89. Ra4+ Ke5 90. Ke3 Kf5 91.
Rd4 Re7+ 92. Kf3 Rc7 93. Nd3 Rc3 94. Rd6 Ra3 95. Ke3 Ra5 96. Rh6 Kg5 97. Rh3
Kg6 98. Rf3 Ra3 99. Rf8 Kg5 100. Ke4 Ra4+ 101. Kd5 Ra5+ 102. Nc5 Kg4 103. Kd4
Ra1 104. Ke5 Ra5 105. Rg8+ Kf3 106. Kd4 Ra1 107. Rh8 Rd1+ 108. Nd3 Rd2 109.
Rf8+ Kg4 110. Ke3 Ra2 111. Nf2+ Kg5 112. Ne4+ Kg6 113. Rf6+ Kg7 114. Rb6 Ra7
115. Nd6 Ra3+ 116. Ke4 Ra1 117. Ke5 Ra5+ 118. Ke6 Kg6 119. Nc4 Ra1 120. Rb2 Kg5
121. Rg2+ Kf4 122. Rf2+ Ke4 123. Rf8 Ra6+ 1/2-1/2

[Event "4NCL Division 2b"]
[Site "Birmingham, ENG ENG"]
[Date "2016.02.13"]
[Round "5.19"]
[White "Hand, Freddie"]
[Black "Henderson, David"]
[Result "1/2-1/2"]
[WhiteElo "1998"]
[BlackElo "2132"]
[PlyCount "103"]
[EventDate "2016.02.13"]
[WhiteTeam "KJCA Kings"]
[BlackTeam "North East England"]

1. d4 d5 2. c4 e6 3. Nc3 Be7 4. cxd5 exd5 5. Bf4 c6 6. Qc2 Nd7 7. e3 Nf8 8. Bd3
Ng6 9. Nge2 Nxf4 10. Nxf4 Nf6 11. O-O-O Bd6 12. g3 Bg4 13. Rde1 O-O 14. Be2
Bxe2 15. Rxe2 Qd7 16. f3 Rac8 17. Rd1 Rfe8 18. e4 dxe4 19. fxe4 Bb4 20. Qd3
Bxc3 21. bxc3 b5 22. Rdd2 Qe7 23. e5 Nd5 24. Kd1 Qa3 25. Rc2 Rcd8 26. Ke1 h6
27. Rf2 Re7 28. Qf3 Qa6 29. Nd3 b4 30. c4 Nb6 31. Nxb4 Qa5 32. Qc3 Na4 33. Qd2
Rxe5+ 34. Kf1 Re6 35. a3 Nb6 36. Qf4 Qh5 37. Kg2 Qg6 38. Nd3 Rf6 39. Qe3 Rxf2+
40. Rxf2 Qe6 41. Qxe6 fxe6 42. c5 Nc4 43. Nb4 Rxd4 44. Nxc6 Rd7 45. a4 Rc7 46.
Nd4 Rxc5 47. Nxe6 Ra5 48. Rf8+ Kh7 49. Rc8 Rxa4 50. Nf8+ Kg8 51. Nd7+ Kh7 52.
Nf8+ 1/2-1/2

[Event "4NCL Division 2b"]
[Site "Birmingham, ENG ENG"]
[Date "2016.02.13"]
[Round "5.20"]
[White "Coathup, Roger H"]
[Black "Haridas, Girinath"]
[Result "0-1"]
[WhiteElo "2147"]
[BlackElo "1945"]
[PlyCount "90"]
[EventDate "2016.02.13"]
[WhiteTeam "North East England"]
[BlackTeam "KJCA Kings"]

1. d4 Nf6 2. c4 g6 3. Nc3 Bg7 4. e4 d6 5. Be2 O-O 6. Bg5 c5 7. d5 h6 8. Be3 e6
9. h3 exd5 10. exd5 Re8 11. Nf3 Ne4 12. Nxe4 Rxe4 13. Bd3 Re8 14. Qd2 Qf6 15.
Rb1 Kh7 16. Nh2 Bf5 17. O-O Nd7 18. Bxf5 Qxf5 19. Nf3 Nf6 20. b4 Ne4 21. Qc2
Nc3 22. Qxf5 gxf5 23. bxc5 Nxb1 24. Rxb1 Rab8 25. cxd6 b6 26. a4 Rbd8 27. c5
bxc5 28. Bxc5 Rd7 29. Nh4 Re5 30. Rd1 f4 31. a5 Bf8 32. Nf3 Rf5 33. Bb4 Bxd6
34. Bc3 Bc7 35. Rb1 Rfxd5 36. Rb7 Bd8 37. Rxd7 Rxd7 38. Ne5 Rc7 39. Bd2 Rc5 40.
Bxf4 Bxa5 41. g3 Bc7 42. Nd7 Rc6 43. Be3 Rd6 44. Nc5 Bb6 45. Ne4 Rd1+ 0-1

[Event "4NCL Division 2b"]
[Site "Birmingham, ENG ENG"]
[Date "2016.02.13"]
[Round "5.21"]
[White "Verma, Aditya"]
[Black "Malola, Prasath.T.S"]
[Result "1-0"]
[WhiteElo "1799"]
[BlackElo "2072"]
[PlyCount "89"]
[EventDate "2016.02.13"]
[WhiteTeam "KJCA Kings"]
[BlackTeam "North East England"]

1. e4 Nc6 2. Nf3 d6 3. d4 a6 4. c4 g6 5. g3 Bg7 6. Bg2 Bg4 7. Be3 e5 8. d5 Nce7
9. Nc3 h5 10. Qc2 b6 11. h3 Bd7 12. Rb1 Nh6 13. b4 a5 14. a3 O-O 15. Qd2 Kh7
16. O-O f6 17. c5 axb4 18. axb4 bxc5 19. bxc5 Nf7 20. c6 Be8 21. Ne1 f5 22. Nc2
Nh6 23. f4 h4 24. fxe5 dxe5 25. Bg5 hxg3 26. d6 cxd6 27. Nd5 Nhg8 28. Rb7 Bxc6
29. Rxe7 Qb8 30. exf5 Nxe7 31. Nxe7 Qa7+ 32. Qe3 Qxe3+ 33. Nxe3 Bxg2 34. fxg6+
Kh8 35. Kxg2 e4 36. Kxg3 Be5+ 37. Kg4 Rxf1 38. Nxf1 Bg7 39. Ne3 Rf8 40. h4 d5
41. N3xd5 Rf1 42. Ne3 Rh1 43. Kf5 Bh6 44. Bxh6 Rf1+ 45. Nxf1 1-0

[Event "4NCL Division 2b"]
[Site "Birmingham, ENG ENG"]
[Date "2016.02.13"]
[Round "5.22"]
[White "Moreby, James"]
[Black "Watson, Jacob"]
[Result "1-0"]
[WhiteElo "2048"]
[BlackElo "1652"]
[PlyCount "66"]
[EventDate "2016.02.13"]
[WhiteTeam "North East England"]
[BlackTeam "KJCA Kings"]

1. c4 c5 2. Nf3 Nc6 3. d4 cxd4 4. Nxd4 Nf6 5. Nc3 g6 6. e4 d6 7. Be2 Bg7 8. Be3
O-O 9. O-O Bd7 10. Rc1 Rc8 11. b3 Qa5 12. f3 a6 13. Qd2 Rb8 14. Rfd1 Rfc8 15.
a4 Kf8 16. Rb1 Nh5 17. Nxc6 bxc6 18. b4 Qe5 19. Rdc1 a5 20. b5 cxb5 21. axb5
Nf6 22. Na4 Nh5 23. Qxa5 Nf4 24. Bf1 Qg5 25. Qd2 Be5 26. g3 Qh5 27. gxf4 Bf6
28. Be2 Bh3 29. Nb6 g5 30. Nxc8 gxf4 31. Bxf4 Qg6+ 32. Bg3 h5 33. Nxe7 Kxe7 1-0

[Event "4NCL Division 2b"]
[Site "Birmingham, ENG ENG"]
[Date "2016.02.13"]
[Round "5.25"]
[White "Russell, Christopher"]
[Black "Thompson, Ian D"]
[Result "1/2-1/2"]
[WhiteElo "2101"]
[BlackElo "2162"]
[PlyCount "39"]
[EventDate "2016.02.13"]
[WhiteTeam "Downend & Fishponds"]
[BlackTeam "CSC Dragons [1]"]

1. e4 e5 2. Nc3 Nf6 3. g3 Bc5 4. Bg2 Nc6 5. Nge2 a6 6. d3 d6 7. h3 Be6 8. Nd5
Bxd5 9. exd5 Nd4 10. O-O h6 11. Nxd4 Bxd4 12. c3 Ba7 13. d4 O-O 14. Be3 exd4
15. Bxd4 Bxd4 16. Qxd4 Re8 17. Rfe1 Qd7 18. Qb4 b6 19. Qc4 a5 20. Kf1 1/2-1/2

[Event "4NCL Division 2b"]
[Site "Birmingham, ENG ENG"]
[Date "2016.02.13"]
[Round "5.26"]
[White "Farrand, Tom"]
[Black "Savory, Richard J"]
[Result "1/2-1/2"]
[WhiteElo "2181"]
[BlackElo "2094"]
[PlyCount "32"]
[EventDate "2016.02.13"]
[WhiteTeam "CSC Dragons [1]"]
[BlackTeam "Downend & Fishponds"]

1. e4 c5 2. Nc3 Nc6 3. f4 g6 4. Nf3 Bg7 5. Bb5 Nd4 6. O-O e6 7. d3 Ne7 8. Nxd4
cxd4 9. Ne2 O-O 10. Ba4 d6 11. Bb3 Kh8 12. Bd2 Bd7 13. Bb4 Bc6 14. Be1 a5 15.
a4 Qd7 16. Bh4 f5 1/2-1/2